000 00492nam a22001817a 4500
999 _c4210
_d234714
020 _a9789873720376
080 _a342.72/ 73 F 487
100 _aFilippi,Alberto
245 _aConstituciones Dictaduras y Democracias
_blos derechos y su configuracion politica
260 _aBuenos Aires
_bInfojus
_c2015
300 _a688 P.
_c23 X 16 Cm.
650 _xderechos humanos
650 _xdemocracia
650 _xdictadura
650 _xgenocidio
942 _6_
945 _acd
_d2015-10-29